Statistics for YY's General Knowledge - Multiple Choice #5

Click here to take the quiz!

General Stats

  • This quiz has been taken 606 times
  • The average score is 6 of 15

Answer Stats

QuestionAnswer% Correct
Colcannon is a traditional dish of mashed potato and cabbage from which European country ?Ireland
63%
Which British county is also known as "The Garden of England" ?Kent
63%
ETA was a terrorist group "fighting" for the independance of which region?Basque
57%
Doctor Eggman is a character in which computer game series ?Sonic the Hedgehog
56%
The character "Short Round" was introduced in which Indiana Jones movie ?Temple of Doom
53%
Inhabitants of which island are mainly descended from nine mutineers from HMS Bounty ?Pitcairn Island
51%
Новосибирск is the Russian alphabet translation of which city ?Novosibirsk
42%
The group "Teach-in" won the 1975 Eurovision Song Contest with which song ?Ding-a-dong
34%
Gravelines is a nuclear power station in which country ?France
34%
The original "Hawaii Five-O" TV series ran for how many seasons ?12
32%
Banana Mania, Mango Tango, and Wild Blue Yonder are all what ?Crayola Crayon Colours
32%
Margaret Thatcher, first female Prime Minister of the UK, died in April of which year?2013
25%
Actors Robert Redford, Shirley MacLaine, and Ali MacGraw were all born in which US city ?Santa Fe, New Mexico
18%
The Forget-Me-Not is the state flower of which US state ?Alaska
17%
Which US state is the only one with 2 Federal Reserve Locations within its borders ?Missouri
11%

Score Distribution

Percentile by Number Answered

Percent of People with Each Score

Your Score History

You have not taken this quiz